000 00729nam a2200229 a 4500
001 42901
003 BD-RjUL
005 20211209053619.0
008 160616s1954 enk 000 0 eng
035 _a(BD-RjUL)43019
040 _aDLC
_cOUN
_dBD-RjUL
_beng
041 _aeng
082 _223
_a330
_bROE 1956
100 1 _aRobbins, Lionel
_d1898-1984.
_9131769
245 1 4 _aThe economist in the twentieth century :
_band other lectures in political economy /
_cBy Lionel Robbins
250 _a1st.ed.
260 _aLondon :
_bMacmillan ;
_aNew York :
_bSt. Martin's Press,
_c1956
300 _avii, 224 p. ;
_c23 cm.
650 0 _aEconomic policy
_9131770
651 0 _aGreat Britain
_xEconomic policy
_9131771
942 _2ddc
_cBK
999 _c42901
_d42901